Reform and challenges for private pensions in Russia

Salvato in:
Dettagli Bibliografici
Natura: Libro
Lingua:inglese
Pubblicazione: Paris OECD 2006
Serie:Private pensions series no. 7
Soggetti:
Tags: Aggiungi Tag
Nessun Tag, puoi essere il primo ad aggiungerne!!

MARC

LEADER 00000nam a2200000 4500
001 0054569
005 20240104135427.5
020 |a 92-64-01386-5 
041 0 |a eng 
044 |a FR 
245 1 0 |a Reform and challenges for private pensions in Russia 
264 1 |a Paris  |b OECD  |c 2006 
300 |a 99 s. 
490 1 |a Private pensions series  |v no. 7 
830 0 |a Private pensions series  |v no. 7 
610 2 0 |a penzie 
610 2 0 |a dôchodky 
610 2 0 |a reformy dôchodkové 
610 2 0 |a Rusko 
610 2 0 |a systémy dôchodkové 
610 2 0 |a politika dôchodková